000 00300nam a2200121Ia 4500
008 190216s9999||||xx |||||||||||||| ||und||
100 _aZeldovich And Yaglom
245 0 _aHigher Mathematics For Beginners
260 _bMir Pubs Moscow
_c1987
300 _a560p
650 _aMathematics
942 _cBK
999 _c31018
_d31018